[Event "World Cup"]
[Site "Khanty-Mansiysk"]
[Date "2007.11.25"]
[Round "1.2"]
[White "Savchenko, Boris"]
[Black "Motylev, Alexander"]
[Result "1/2-1/2"]
[WhiteElo "2583"]
[BlackElo "2645"]
[Annotator "Krasenkow,M"]
[PlyCount "53"]
[EventDate "2007.11.24"]
[EventType "k.o."]
[EventRounds "7"]
[EventCountry "RUS"]
[SourceTitle "CBM 122"]
[Source "ChessBase"]
[SourceDate "2008.01.30"]
[SourceVersion "1"]
[SourceVersionDate "2008.01.30"]
[SourceQuality "1"]

1. d4 d5 2. Bf4 $5 {Harmless, of course. "Let's compete in chess instead of
memory!" White says.} Nf6 3. e3 c5 4. dxc5 {The most principal continuation:
Black sacrifices a pawn; White takes it and intends to protect - after all, he
has an extra tempo comparing to QGA! Still, Black obtains a good position in
different ways.} Nc6 5. Bb5 e6 {Other moves seen in practice:} (5... g6 $5 6.
Nf3 (6. c4 Bg7 7. Nc3 O-O 8. Nf3 Qa5 9. O-O dxc4 10. Ne5 Nxe5 11. Bxe5 Be6 12.
Qe2 Rac8 13. Bd4 Ne4 14. Nxe4 Qxb5 15. b3 Qc6 16. Ng5 cxb3 17. axb3 Bxd4 18.
exd4 Bxb3 19. Rxa7 Bd5 $13 {0-1 Stefanova,A-Fressinet,L/Cap d'Agde 2006/CBM
115 (52)}) (6. Ne2 Bg7 7. Be5 O-O 8. Bxc6 bxc6 9. O-O Ba6 10. Nbc3 Nd7 11. Bxg7
Kxg7 12. b4 Rb8 13. a3 e5 14. f4 $13 {1-0 Gonzalez,J-Rosell Formosa,J/St Cugat
1997/EXT 2001 (44)}) 6... Bg7 7. O-O Bg4 8. Nc3 O-O 9. h3 Bxf3 10. Qxf3 a6 11.
Ba4 Qa5 12. Bb3 e6 13. Bd6 Rfd8 14. a3 Ne8 $13 {1/2-1/2 Grachev,B-Belov,V/
Moscow RUS 2007/The Week in Chess 650 (33)}) (5... Qa5+ $5 6. Nc3 a6 7. Bxc6+
bxc6 8. Qd4 e6 (8... Bf5 9. Nge2 Bxc2 10. Rc1 Bf5 11. O-O e6 12. Na4 Nd7 13.
Nb6 e5 14. Bxe5 Bxc5 15. Rxc5 Qxb6 16. Bxg7 $16 {1-0 Schlindwein,R-Hess,M/
Germany 2006/EXT 2007 (27)}) (8... g6 9. Be5 Bg7 10. Nge2 O-O 11. b4 Qd8 12.
Na4 Ne8 13. Bxg7 Nxg7 14. Nb6 $16 {1/2-1/2 Reddmann,H-Kroencke,M/Hamburg 2004/
CBM 100 ext (44)}) 9. b4 $6 (9. Bd6 Bxd6 10. cxd6 c5 $44) 9... Qa3 10. Bc7 $2 (
10. Bd6 Bxd6 11. cxd6 a5 $15) 10... a5 $1 11. Bxa5 Rxa5 12. bxa5 Bxc5 $17 {
0-1 Schaefer,M-Peredy,F/Triesen 2006/CBM 112 ext (39)}) (5... Bd7 $5 6. Nf3 (6.
Nc3 e5 7. Bg5 d4 8. exd4 Nxd4 9. Bxd7+ Qxd7 10. Bxf6 gxf6 11. Nge2 O-O-O 12.
Nxd4 exd4 13. Ne2 Qd5 14. O-O Rg8 15. Ng3 Bxc5 $36 {0-1 Zivic,S-Huzen,P/IECC
2001/Telechess CBM 87 (19)}) 6... e6 7. Bxc6 Bxc6 8. b4 b6 9. Nd4 Qd7 10. Nc3
bxc5 11. Nxc6 Qxc6 $13 {1-0 Paas,C-Jensen,J/IECC 2004/Telechess CBM 107 (25)})
6. b4 a5 {Or else:} (6... Bd7 7. c3 b6 8. cxb6 Qxb6 9. Ba4 Ne4 10. f3 Nf6 11.
Ne2 Nh5 12. Qd2 Nxf4 13. Nxf4 Bd6 $44 {0-1 Guelker,L-Batista,H/Email 2002/
Telechess CBM 93 (31)}) (6... Be7 7. c3 O-O 8. Nf3 a5 9. O-O $6 (9. Bxc6 $142
bxc6 $44) 9... axb4 10. Bxc6 b3 $1 11. Qxb3 bxc6 12. Nd4 Qd7 13. Nd2 Ba6 14.
Rfb1 Bxc5 $17 {0-1 Vandevoort,P-Michiels,B/Belgium 2004/EXT 2005 (18)}) 7. c3 (
7. Bxc6+ bxc6 8. c3 Nd7 9. Nf3 Ba6 10. a4 Be7 11. Nd4 Qc8 12. Bg3 O-O 13. Nd2
Re8 14. N2b3 Bc4 15. Nd2 Ba6 $44 16. f3 $6 e5 17. Nf5 $2 Bxc5 $1 18. Nb3 (18.
bxc5 Nxc5 {[%cal Rc8f5,Rc5d3]}) 18... axb4 19. Nxc5 Nxc5 20. Nd6 Qb8 $19 {
0-1 Danielian,E-Matveeva,S/Feugen AUT 2006 (23)}) 7... Bd7 8. Qe2 (8. Qb3 Nh5
$1 (8... axb4 9. cxb4 Ne4 10. Ne2 b6 (10... g5 $1 11. Bg3 b6 $36) 11. f3 Qf6
12. fxe4 $1 Qxa1 13. exd5 exd5 14. O-O Qxa2 15. Qd3 $44 {1-0 Goossens,E-Kern,G/
Belgium 2004/EXT 2006 (34)}) (8... Be7 9. Ne2 O-O 10. a4 Nh5 11. O-O Nxf4 12.
Nxf4 Bf6 13. Nh5 Be7 14. Nd2 Qc7 15. Rfe1 Rfd8 $44 {1/2-1/2 Laliga,J-Powell,W/
IECG 2003/Telechess 117 (48)}) 9. Nf3 Nxf4 10. exf4 Qf6 11. O-O Qxf4 12. Re1
Be7 13. Bxc6 Bxc6 14. a4 O-O 15. Nbd2 Bf6 16. Ra2 e5 $15 {0-1 Goossens,
E-Borges Mateos,J/Barcelona 2005/CBM 108 ext (33)}) 8... axb4 9. Bxc6 Bxc6 10.
cxb4 d4 11. Nf3 Nd5 (11... d3 $5 12. Qb2 Bxf3 13. gxf3 Nd5 $44) 12. O-O dxe3 $1
$146 {[%mdl 8]} ({but not} 12... Nxb4 $6 13. Nxd4 Bxc5 14. Nxe6 $1 fxe6 15.
Qh5+ g6 16. Qxc5 Qd5 17. Qxd5 Nxd5 18. Be5 O-O 19. Nd2 $16 {1-0 Rowson,
J-Dorfman,J/Port Barcares 2005/EXT 2006 (59)}) 13. Bg5 $6 (13. Bxe3 Nxb4 {
is quite pleasant for Black, too, but after the text move White is in a real
trouble..}) 13... Be7 14. Bxe7 Qxe7 15. Qc4 (15. b5 Bd7 {[%csl Rc5]} 16. c6
bxc6 17. bxc6 Bxc6 18. fxe3 O-O $17 {[%csl Ra2,Re3]}) 15... Qf6 $1 16. Nd4 e2
17. Re1 Nxb4 $2 {Wrong!} (17... Nf4 $1 18. Nxc6 (18. f3 Rd8 $1 19. Nxc6 Rd1 20.
Nc3 Rxe1+ 21. Rxe1 Qh4 $19 {[%cal Rh4e1,Rf4h3]}) 18... Qxa1 19. Qxf4 bxc6 20.
Qd6 Rd8 $1 21. Qxc6+ Ke7 $19) 18. Nd2 (18. Nc3 $5) 18... O-O 19. Nxc6 Nxc6 20.
Ne4 Qb2 (20... Qe5 $5 21. Qxe2 Rfd8 $15 {still gave Black some chances.}) 21.
Qxe2 Qxe2 22. Rxe2 {Black has fewer "pawn isles" but that advantage in
insufficient for a win.} Ra4 23. Rb1 Rfa8 24. Rxb7 Rxa2 25. Rxa2 Rxa2 26. f4 h6
27. h4 1/2-1/2

[Event "WchT 10th"]
[Site "Tsaghkadzor"]
[Date "2015.04.20"]
[Round "2.1"]
[White "Grischuk, Alexander"]
[Black "Dominguez Perez, Leinier"]
[Result "0-1"]
[WhiteElo "2794"]
[BlackElo "2729"]
[Annotator "Krasenkow,M"]
[PlyCount "188"]
[EventDate "2015.04.19"]
[EventType "team-tourn"]
[EventRounds "9"]
[EventCountry "ARM"]
[SourceTitle "CBM 166"]
[Source "ChessBase"]
[SourceDate "2015.05.11"]
[SourceVersion "1"]
[SourceVersionDate "2015.05.11"]
[SourceQuality "1"]
[WhiteTeam "Russia"]
[BlackTeam "Cuba"]
[WhiteTeamCountry "RUS"]
[BlackTeamCountry "CUB"]

1. d4 Nf6 2. Bg5 d5 3. e3 c6 4. Bd3 {A quiet continuation, less principled
than the capture on f6.} Bg4 {Among other possible moves:} (4... Nbd7) (4...
Qb6) (4... g6) (4... Ne4) 5. Ne2 ({White can start with} 5. f3 {, e.g.} Bh5 6.
Ne2 e6 $5 7. Nf4 Bg6 8. Nxg6 hxg6 $11 9. c4 $6 dxc4 {[%cal Rd8a5]} 10. Bxf6
Qxf6 11. Bxc4 Bd6 $15 {1/2 (66) Kasparov,G (2815)-Kramnik,V (2780) Moscow 
(blitz) 1998}) 5... Nbd7 ({There is nothing wrong with} 5... e6 {here, too,
but Black wants to push ...e7-e5.}) 6. f3 Bh5 7. Nbc3 $6 {An unusual move.
White wants to prepare e3-e4 but Black is well-prepared for that. Practice has
seen:} (7. Nf4 Bg6 8. Nxg6 hxg6 9. O-O e5 10. c3 Bd6 11. f4 e4 12. Be2 {
1-0 (52) Torre,E (2561)-Lou,Y (2410) Subic Bay 2009} Qb6 $1 $17 {[%cal Rb6b2,
Rf6g8,Rf7f6]}) (7. Bf4 Bg6 8. g4 e6 9. h4 Bb4+ 10. c3 Ba5 11. h5 Bxd3 12. Qxd3
Bc7 13. Nd2 e5 $11 {1-0 (34) Miladinovic,I (2571)-Dizdarevic,E (2501) Sibenik
2008}) (7. O-O Bg6 8. c4 Bxd3 (8... e6 9. Nbc3 Be7 10. cxd5 cxd5 11. Rc1 O-O
12. Nf4 Rc8 13. Nxg6 hxg6 14. Qb3 Qb6 15. Bb5 Nb8 16. Na4 Qa5 17. a3 a6 18. Be2
Rxc1 19. Rxc1 Nbd7 20. Nc3 Qb6 21. Qxb6 Nxb6 22. Nb1 Rc8 23. Rxc8+ Nxc8 24. Nd2
Ne8 25. Bxe7 Nxe7 26. Kf2 $14 {_|_ 1-0 (55) Iotov,V (2603)-Gopal,G (2575)
Enschede 2009}) 9. Qxd3 dxc4 10. Qxc4 e6 11. Nbc3 Be7 12. e4 O-O 13. Be3 Rc8
14. Rfd1 b5 15. Qd3 b4 16. Na4 Qa5 17. b3 c5 $11 {1-0 (40) Lputian,S (2590)
-Vescovi,G (2455) Moscow 1994}) 7... e5 8. Qd2 (8. dxe5 Nxe5 9. Nf4 Nxd3+ 10.
Qxd3 Bg6 11. Nxg6 hxg6 12. O-O-O Be7 13. e4 dxe4 14. Qc4 Qa5 15. Nxe4 Rd8 16.
Bxf6 gxf6 17. Rxd8+ Qxd8 18. Qc3 Kf8 19. Rd1 Qc7 20. h3 Kg7 $11 {1/2 (51)
Sazhinov,A (2250)-Zenkov,G (2054) Kemerovo 2011}) 8... Be7 9. Ng3 Bg6 10. Nf5 {
A harmless invasion. White's pair of bishops is meaningless in such a closed
position.} Bxf5 11. Bxf5 O-O 12. O-O Re8 13. Rae1 Qc7 14. Kh1 Bd6 15. Ne2 g6
16. Bh3 exd4 $6 {[%mdl 32] This was unnecessary at the moment. The position
becomes more open after this exchange, and White's bishops start playing their
role. The initiative belonged to Black, and he could develop it on both sides:}
(16... a5 17. a4 Nh5 {etc.}) 17. exd4 Nh5 18. g3 Ng7 (18... Nf8 $142 {[%cal
Yf8e6]}) 19. b3 (19. Nf4 {was a way to exploit Black's minor inaccuracy.})
19... Ne6 20. Be3 Nf6 21. c4 b6 22. Bg1 Re7 23. Bg2 $6 {White plays without
any plan.} (23. Nc1 $142 $1 Rae8 24. Nd3 $14 {[%cal Yc4c5]}) 23... Rae8 {
A standard move but} (23... a5 24. Nc3 Bb4 {[%cal Ya5a4] was probably a better
option for Black.}) 24. f4 a5 (24... Ng7 $4 25. c5) 25. Nc3 Bb4 26. a3 $1 Bxc3
27. Qxc3 Ng7 28. cxd5 $2 (28. Re5 $1 {, creating an important stronghold, was
a must. In that case Black's ...Ra8-e8 proved senseless, and the initiative
belonged to White.}) 28... Nxd5 $15 {Now we have a classic position when
blockading knights are stronger than bishops, especially with queens on the
board and not rooks.} 29. Qc1 (29. Bxd5 cxd5 {[%csl Re4]} 30. Qxc7 Rxc7 31. Re5
Rd8 {[%cal Yf7f6]}) 29... Rxe1 30. Rxe1 Rxe1 31. Qxe1 Qd6 32. Qe5 (32. a4 $15)
32... Qxa3 (32... Qd8 $5 {[%cal Yf7f6]}) 33. Bxd5 cxd5 {[%mdl 4096]} 34. Qxd5
$6 {Black now obtains a queenside pawn advantage, which can potentially bring
him a passed pawn.} ({But after} 34. Qb8+ Qf8 35. Qxb6 Qa8 {[%cal Yg7e8,Yg8g7,
Ye8f6] White's position remains unpleasant, too.}) 34... h5 35. Qc4 (35. Qb5
Nf5 36. Qxb6 $4 a4 37. bxa4 $140 Qf3#) 35... Nf5 36. d5 Nd6 37. Qc6 (37. Qc2
Qb4 $17) 37... Qxb3 38. Bxb6 $6 (38. Kg2 {was relatively better but after} Qb4
39. Bxb6 a4 {Black was clearly on top anyway.}) 38... Qd1+ 39. Kg2 Qe2+ 40. Kg1
Qe1+ 41. Kg2 Qe2+ 42. Kg1 Nc4 $1 {[%csl Rg1][%cal Rc4d2] White's king is in
trouble.} 43. Bxa5 Qe3+ {Black misses a good opportunity to win a piece:} (
43... Qd1+ 44. Kf2 Qc2+ 45. Ke1 Qb1+ 46. Ke2 (46. Kf2 Qa2+ 47. Kg1 Nxa5) 46...
Qa2+ 47. Kd3 Nxa5 {, and White's d-pawn can't rescue him (although it was not
easy to evaluate over the board).}) 44. Kf1 Qe4 $2 (44... Qd3+ 45. Kf2 Qc2+ {
was still possible.}) 45. Kf2 $2 (45. Be1 $1 Ne3+ 46. Ke2 $1 {was a
hard-to-find way of consolidation. Black can win a piece but not the game this
time:} Ng2+ (46... Nxd5+ 47. Kf2 $1) (46... Nf5+ 47. Kd2 $1) 47. Kf1 Nxe1 48.
Qc8+ Kh7 (48... Kg7 49. Qc3+) 49. Qc7 Qxd5 50. Kxe1 Qh1+ 51. Kf2 Qxh2+ 52. Kf3
{, and White should not lose.}) 45... Ne3 {Now, despite White's temporary
material advantage, he can't parry Black's attack without serious losses.} 46.
h3 h4 $1 47. gxh4 Qxf4+ 48. Ke2 Qe4 49. Kf2 Nxd5 50. Bd2 Qxh4+ $17 {As a
result, Black is now a pawn up, and his Q+N can continue bothering White's
king. Eventually White fails to hold his ground.} 51. Kg2 Qe4+ 52. Kf2 Kg7 53.
Qc1 Qd3 54. Kg2 Kg8 55. Qe1 Nf6 56. Qe3 Qd5+ 57. Kg1 Ne4 58. Bc3 Kh7 59. Be1
Qf5 60. Kg2 Qd5 61. Kg1 g5 62. Qf3 Qe6 63. Kg2 Kg6 64. Qd3 Qc6 65. Qf3 f5 66.
Kg1 Qc5+ 67. Kg2 Qc2+ 68. Kg1 Qc5+ 69. Kg2 Qc6 70. Kg1 Qc2 71. Qe3 Qd1 72. Kg2
Qc2+ 73. Kg1 f4 74. Qb6+ Kf5 75. Qa5+ Ke6 76. Qb6+ Kd5 77. Qd8+ Ke5 78. Qh8+
Kd5 79. Qd8+ Ke5 80. Qh8+ Nf6 81. Qb8+ Ke4 82. Qb4+ $2 (82. Qb5 $8 Kf3 $140 83.
Qxg5) 82... Kf3 83. Qa3+ Ke2 84. Bb4 Ne4 85. Kg2 Kd1+ 86. Kh1 Nf2+ 87. Kg1 Ke2
88. Qa6+ Nd3 89. Qe6+ Kd1 90. Qg4+ Qe2 91. Be7 Ne5 92. Qxe2+ Kxe2 93. h4 f3 94.
Bc5 Nd3 0-1

[Event "Hamburg-ch int"]
[Site "Hamburg"]
[Date "1998.06.05"]
[Round "8"]
[White "Reddmann, Hauke"]
[Black "Lukacs, Peter"]
[Result "1/2-1/2"]
[WhiteElo "2315"]
[BlackElo "2515"]
[Annotator "Lukacs,P"]
[PlyCount "48"]
[EventDate "1998.05.29"]
[EventType "swiss"]
[EventRounds "9"]
[EventCountry "GER"]
[SourceTitle "CBM 064 Extra"]
[Source "ChessBase"]
[SourceDate "1998.07.07"]
[SourceVersion "1"]
[SourceVersionDate "1998.07.07"]
[SourceQuality "1"]

1. d4 Nf6 2. Bg5 d5 3. Bxf6 exf6 {This is the quiet positional line with a
closed structure and manoeuvring play.} (3... gxf6 {is more sharp because of
the weakened black P structure.} 4. c4 dxc4 5. e4 {is the critical position
according to the expert of the variation GM Hodgson.}) 4. e3 Bd6 5. c4 {
This is a logical continuation.} (5. g3 {/\ Bg2 Nd2 Ne2 leads to a manoeuvring
play, where White's position is rock-solid, but it is not easy to open up the
position later against the black ^^.}) 5... dxc4 6. Bxc4 O-O 7. Nc3 {This is
the most natural place for the N.} (7. Qc2 f5 8. Ne2 c6 {Now the black Ps take
control over the vital central squares d5 and e4.} 9. Nd2 {The N belongs to
the more active place c3.} g6 {/\ Nd7-f6} 10. h4 Nd7 11. h5 Nf6 12. hxg6 hxg6
13. f3 {(Georgadze-Tseshkovsky, SU 1972)} (13. O-O-O $6 Ng4 $1) 13... b5 $1 $13
) (7. Nf3 c6 8. O-O (8. Nc3 Nd7 9. Qc2 f5 $1 10. h4 $5 (10. a3 Nf6 11. O-O {
Solid play cannot be dangerous here for Black. Plans with 0-0-0 are more
effective.} Qe7 12. Nd2 Bd7 {White's problem is that neither d4-d5, nor e3-e4
brings him any strategical advantage, and the minority -> with b2-b4 is not
easy because of the well-posted ^^.} 13. Rfe1 Rae8 $13 {Conqvest-Danielsen,
Politiken Cup. 1992}) 10... Nf6 11. h5 {This push with the h P creates no
weaknesses on the >>.} Qa5 12. O-O-O Bd7 13. Kb1 Rae8 14. Nd2 Bb4 $13 {
Kosic-Vakhidov, Yerevan ol 1996}) 8... Nd7 9. Nc3 f5 $11) (7. Ne2 c5 $5 {
This is the rare occasion to play c7-c5. The P on d4 becomes a target later.
In the open position the ^^ plays it's important role.} (7... c6 {leads to
normal strategy.})) 7... Nd7 ({Now already} 7... c5 $2 {loses to} 8. dxc5 Bxc5
9. Bxf7+ $1 $18) (7... c6 8. Nf3 (8. Qf3 {cannot fight against Black's
standard plan f5 Nd7-f6, as we'll see it later.} f5 9. Nge2 Nd7 $1 {/\ Nf6 ~~}
10. Qxf5 $4 Ne5 $19) (8. Nge2 f5 9. O-O (9. Qc2 Nd7 $1 {This is the same motif
again, compare to 8.Qf3.} 10. O-O-O (10. h3 Nf6 $142 (10... Qa5 $6 {The Q is
not well-placed for the -> on the <<, because Black has to push the b and a Ps
for it.} 11. O-O-O b5 12. Bb3 Nb6 13. Kb1 Be6 14. g4 b4 15. Na4 Rfc8 16. Nc5
$16 {Hogdson-Yakovich, Palma de Mallorca 1989})) 10... Nf6 11. h3 {- 7..Nd7})
9... Nd7 10. Re1 Nf6 $13 (10... Qf6 $5 {/\ Qh6,Nf6})) 8... Nd7 9. Qc2 f5 $1 10.
h3 (10. Qxf5 $4 Ne5 $19) (10. O-O-O Nf6 11. Ne5 Qc7 12. f4 Be6 $13 {This my
suggestion.} ({Attacking with} 12... b5 $2 13. Bd3 b4 14. Na4 {leads only for
weaknesses on the c<-> without any real chances for a breakthrough.} Nd5 15.
Rhe1 b3 16. axb3 Nb4 17. Qf2 Nxd3+ 18. Rxd3 Ba6 19. Rc3 $18 {Hodgson-Nyrvold,
Oslo op. 1994})) 10... Nf6 11. O-O-O Qa5 12. Kb1 b5 13. Bd3 Rb8 {- Nielsen,
P-Danielsen,M DEM-ch 1994 CBM 41}) 8. Nge2 (8. Nf3 f5 (8... c6 9. Qc2 f5 $5 {
is again the standard plan.} (9... Nb6 {- Miladinovic-Abramovic, JUG-ch Tivat
CBM 43})) 9. Qc2 Nf6 10. Rd1 Qe7 11. O-O c6 12. a3 Bd7 13. Rfe1 Rae8 {It is
hard to find a strengthening plan.} 14. d5 c5 {and the structure is not bad
for Black, because o^ d5 is successfully blockaded.} 15. g3 Ne4 $13 {
Djurhuus-Heine Nielsen, Gausdal 1995}) 8... f5 9. Qc2 Nf6 10. h3 {This is a
logical strategy for White. He wants to castle << and opening up the lines on
the >> with a P sacrifice g2-g4.} c6 11. O-O-O Qe7 12. Bd3 (12. g4 $5 {is
worthy of studying.}) 12... g6 13. Rdg1 b5 14. Kb1 (14. g4 $5 b4 15. Na4 fxg4
16. e4 b3 $1 {Zwischenzug!} 17. axb3 (17. Qxb3 $2 Nxe4) 17... Bb4 $13 18. e5
Nd5 19. hxg4 Be6 $44) 14... a5 $2 {This is a bit slow.} (14... Rb8 $1 {was the
best threngthtening b4-b3 opening up the b <-> against the white K.} 15. g4 b4
16. Na4 b3 $1 $132) (14... b4 15. Na4) 15. g4 $1 {With opposite side castling
both want to open lines against the enemy K.} b4 (15... fxg4 16. hxg4 Bxg4 17.
Ng3 {/\ Nce4 ©}) 16. Na4 fxg4 {[#]} 17. hxg4 $6 {This is not the best.} ({
Invading the centre with} 17. e4 $1 Bc7 18. e5 Nd5 19. hxg4 $16 {would have
given White a dangerous initiative on the >>.}) 17... b3 $1 {This is the only
way for creating counterchances on the other side.} (17... Bxg4 18. Ng3 $5 {
© Reddmann} (18. e4 Bf3 19. e5 Bxh1 20. exd6 Qxd6 21. Rxh1 Rae8 $13)) 18. axb3
(18. Qxb3 Rb8 19. Qc2 Nd5 $44 {/\ Nb4}) 18... Nd5 $1 (18... Bxg4 19. e4 $16)
19. Qd1 (19. Qxc6 $2 Bb7 20. Qc1 Nb4 $19) (19. e4 $2 Nb4 20. Qd2 Nxd3 21. Qxd3
Ba6 22. Qh3 f6 $17) 19... Nb4 20. Nb6 $1 (20. Nec3 Nxd3 21. Qxd3 Rb8 $44) 20...
Ba6 $1 21. Bxa6 Rxa6 22. Na4 (22. Nc4 $2 Qe4+ 23. Ka1 a4 $19) 22... Qe4+ 23.
Ka1 Nc2+ 24. Ka2 Nb4+ 1/2-1/2

[Event "Malakoff op 09th"]
[Site "Malakoff"]
[Date "2009.04.14"]
[Round "5"]
[White "Okhotnik, Vladimir"]
[Black "Guilleux, Fabien"]
[Result "0-1"]
[WhiteElo "2451"]
[BlackElo "2313"]
[Annotator "Malakoff/Primel,D"]
[PlyCount "102"]
[EventDate "2009.04.11"]
[EventType "swiss"]
[EventRounds "9"]
[EventCountry "FRA"]
[SourceTitle "EXT 2010"]
[Source "ChessBase"]
[SourceDate "2010.11.25"]
[SourceVersion "1"]
[SourceVersionDate "2010.11.25"]
[SourceQuality "1"]

1. d4 {l'ukrainien joue plus souvent1.e4 sauf contre les adversaires jouant un
fianchetto roi face а 1.d4} Nf6 {les noirs sont arrivés avec 15 minutes de
retard} 2. Nf3 g6 3. Nc3 $5 {Une ligne secondaire mais assez agressive jouée
régulièrement pas OKHOTNIK et son jeune adversaire devait être préparé.} d5 4.
Bf4 {[%csl Ge5] le thème de l'attaque MURSHED est de contrôler la case "e5" et
si les noirs jouent trop vite le oo, les blancs peuvent développer une forte
attaque par Ne5 et h4h5} Bg7 5. e3 (5. Qd2 $143 Ne4 $1) 5... Bg4 $1 {Ce
clouage empêche Ne5,suivi de l'attaque h4h5} (5... O-O 6. Be2 (6. Ne5 c5 7. Be2
Nc6) 6... c5 (6... b6 7. Ne5 $1 {[%cal Gh2h4,Gh4h5] HEBDEN a aussi souvent
joué avec succés cette attaque MURSHED} Bb7 8. h4 {[%cal Gh4h5]} Nfd7 {[%cal
Gd7e5]} 9. h5 $40 {[%csl Gh1];Murshed,N (2405)-Gufeld,E (2480) Goglidze
Memorial 1983 1/2}) 7. Ne5 Nc6 8. O-O cxd4 9. exd4 {Okhotnik,V (2479)
-Gladyszev,O (2430) Malakoff op 5th 2006 (6) 1/2}) 6. Bd3 O-O $146 ({RR} 6...
c6 7. Ne5 Bf5 8. Qd2 Nbd7 9. h4 h5 10. f3 Rc8 11. Be2 b5 12. Nd1 O-O 13. c3 Ne8
14. Nf2 Nd6 15. g4 hxg4 16. Nexg4 Bxg4 17. Nxg4 f5 18. Ne5 Nxe5 19. dxe5 Nc4
20. Bxc4 dxc4 21. Qg2 {Hebden,M (2575)-Bates,R (2345)/Hove 1997/EXT 1999/1-0 
(31)}) 7. O-O c6 {01h01} 8. a4 Nbd7 9. h3 Bxf3 10. Qxf3 Re8 11. e4 dxe4 12.
Nxe4 Nxe4 (12... e5 $5) 13. Qxe4 Nf6 14. Qe2 {Les blancs n'ont peut-être pas
assez de compensations pour le P} Qxd4 $1 {N'ayant pas peur des fantomes!} 15.
Be5 Qh4 {52mns} 16. Bxf6 Bxf6 $17 17. c3 Rad8 18. Rfd1 e5 {36mns} (18... e6)
19. Qe4 $6 {les pièces noires seront plus actives après l'échange des Q mais
le MI préfère jouer une position technique face а son jeune adversaire.} Qxe4
20. Bxe4 Bg5 $1 {[%csl Gd2][%cal Gf7f5]} 21. Kf1 f5 $1 22. Bc2 Kf7 23. Ke2 e4 {
34} 24. Rxd8 Rxd8 25. Rd1 Rxd1 26. Kxd1 {Le MI est arrivé а ses fins en
transposant dans une finale de B de couleurs opposées mais contrairement а une
option répandue, ce type de finale n'est pas toujours nulle.} e3 (26... Ke6
$143 27. Bb3+ Ke5 28. Bg8 Kf6 (28... h5 29. Bf7 Kf6 30. Be8)) (26... h5 27.
Bb3+ Kf6 28. a5 Bf4 29. a6 $1 b6 30. c4) 27. fxe3 Bxe3 28. b4 Bb6 29. Ke2 Kf6
30. Bb3 {[%cal Gb3g8]} Bd8 31. a5 (31. Kd3) 31... Be7 {18 mns} (31... a6 $5 {
Avec le Bd8, les blancs pourront difficilement pousser b4b5 а cause de la
fiablesse "a5"}) 32. Bc4 a6 $1 {[%csl Ra5]} 33. Bg8 h5 34. Kd3 g5 35. Kd4 g4
$17 {[%cal Gf5f4] La majorité des noirs est plus facile а mobiliser} 36. hxg4
hxg4 37. Bc4 Bd6 $1 {[%csl Ge5][%cal Gf6g5]} 38. Bg8 $6 {Le MI pense avoir des
bonnes chances d'annuler et il se relache en mettant hors-jeu son B alors que
les noirs vont trouver des ressources tactiques} Be5+ (38... Kg5 $2 39. Be6)
39. Kd3 f4 40. c4 $2 Bc3 $3 {[%csl Gf4,Gg4,Rg8][%cal Gf4f1] 36s le Bg8 est mal
placé pour stopper la majortié des noirs et les noirs ont une attaque venue
"de nulle part"! Au surplus, il restait 05 secondes а la pendule pour le
français lorsqu'il a trouvé ce coup!} 41. b5 Bxa5 $2 (41... axb5 $3 42. cxb5
cxb5 43. Kxc3 f3 44. gxf3 g3 $1 {la pointe!}) 42. bxc6 bxc6 43. Bh7 c5 44. Be4
Bb4 45. Bc6 {[%csl Ga4,Gf3][%cal Gc6a4,Gc6f3] le B blanc a réussi а trouver
une bonne case pour surveiller les P noirs des deux ailes} Kg5 46. Ke4 a5 47.
Ba4 $2 Bd2 {[%cal Gd2f4,Gg5h4,Gh4g3]} 48. Kd3 Bc1 (48... f3 $3 49. gxf3 g3 50.
f4+ Bxf4 51. Ke2 Kh4 $17) 49. Ke2 Kh4 50. Kf2 Be3+ 51. Ke2 Kg3 {[%mdl 4096]}
0-1